Roman Numeral Math: Does It Equal X? Quiz Stats

 Plays Quiz Updated Sep 13, 2018

Challenge
Share
Tweet
Embed
Score 0/20 Timer 04:00
0 Plays Today
Equation Y (=X) or N (≠X) % Correct
X*I???
86.7%
II+VIII???
85.7%
II*V???
85.5%
IV+VI???
85.1%
(V+V)*I???
84.5%
√(X²)???
81.7%
IV*II???
79.6%
VI+VI???
79.2%
II+VII???
78.6%
M/C???
78.5%
Equation Y (=X) or N (≠X) % Correct
(V*V)*I???
76.5%
L/(LXX-XX)???
74.4%
XXVIII-XVII???
73%
D-CD???
72%
XL+III-XXXIII???
71.8%
DCCLXXX/LX???
71.4%
CCL/(V*V)???
70.2%
CXXV-CXXX+XV???
69.1%
LX+V-XLV???
67.3%
X³-???
66.5%

You're not logged in!

Compare scores with friends on all Sporcle quizzes.
OR
Log In

You Might Also Like...

Show Comments

Extras

Top Quizzes Today


Score Distribution

Your Account Isn't Verified!

In order to create a playlist on Sporcle, you need to verify the email address you used during registration. Go to your Sporcle Settings to finish the process.

Report this User

Report this user for behavior that violates our Community Guidelines.

Details: